[Event "Araraquara op 2nd"]
[Site "Araraquara"]
[Date "2024.02.13"]
[Round "7"]
[White "Nunes, Agatha Hurba"]
[Black "Bonilla Viamonte, Diego Armando"]
[Result "1/2-1/2"]
[WhiteElo "1865"]
[BlackElo "1721"]
[PlyCount "108"]
[EventDate "2024.02.10"]
[EventType "swiss"]
[EventRounds "7"]
[EventCountry "BRA"]
[SourceTitle "CB09_2024"]
[SourceDate "2024.02.28"]
[SourceVersion "1"]
[SourceVersionDate "2024.02.28"]
[SourceQuality "1"]

1. d4 d5 2. c4 e6 3. cxd5 exd5 4. Nc3 Nf6 5. Bg5 Nbd7 6. e3 c6 7. Bd3 Be7 8. Nge2 0-0 9. 0-0 Re8 10. Qc2 Nf8 11. Rad1 Be6 12. f3 Nh5 13. Bxe7 Qxe7 14. e4 g6 15. f4 dxe4 16. Nxe4 f5 17. Ng5 Nf6 18. Nxe6 Nxe6 19. Rf3 Kh8 20. Bc4 Qd6 21. d5 cxd5 22. Qc3 Qc5+ 23. Kh1 Qxc4 24. Qxf6+ Ng7 25. Nd4 Qb4 26. Rc3 Qe7 27. Qxe7 Rxe7 28. Nf3 Nh5 29. g3 Nf6 30. Ne5 Kg7 31. Rdc1 Ng4 32. Nf3 Nh6 33. Rd1 Rd8 34. Rc5 Nf7 35. Rcxd5 Rxd5 36. Rxd5 Kf6 37. Rd2 h6 38. h4 a6 39. Kg2 Rc7 40. Kf2 Re7 41. Rd3 Rc7 42. Rb3 b5 43. a4 Nd6 44. axb5 axb5 45. Nd4 Rc5 46. Ke2 Rd5 47. Nf3 Nc4 48. Rb4 Ke6 49. b3 Na3 50. Rd4 Nc2 51. Rd2 Nb4 52. Nd4+ Kf6 53. Nf3 Rxd2+ 54. Kxd2 Nc6 1/2-1/2

[Event "Sao Paulo Sampa op"]
[Site "Sao Paulo"]
[Date "2024.01.31"]
[Round "4"]
[White "Saito, Vinicius Ikezu"]
[Black "Bonilla Viamonte, Diego Armando"]
[Result "1-0"]
[WhiteElo "2147"]
[BlackElo "1721"]
[PlyCount "42"]
[EventDate "2024.01.29"]
[EventType "swiss"]
[EventRounds "9"]
[EventCountry "BRA"]
[SourceTitle "CB06_2024"]
[SourceDate "2024.02.07"]
[SourceVersion "1"]
[SourceVersionDate "2024.02.07"]
[SourceQuality "1"]

1. e4 c6 2. d4 d5 3. e5 c5 4. dxc5 Nc6 5. Nf3 Bf5 6. c3 e6 7. Be3 Qc7 8. Bd4 Nge7 9. Bb5 Bg4 10. Nbd2 0-0-0 11. Qa4 Kb8 12. b4 Nxd4 13. cxd4 f6 14. 0-0 h6 15. Bd3 Bxf3 16. Nxf3 f5 17. b5 Nc8 18. Rfc1 g5 19. Rab1 Rh7 20. b6 Qe7 21. bxa7+ Ka8 1-0

[Event "Sao Paulo Sampa op"]
[Site "Sao Paulo"]
[Date "2024.01.30"]
[Round "2"]
[White "Bianchini, Marlon"]
[Black "Bonilla Viamonte, Diego Armando"]
[Result "1-0"]
[WhiteElo "1255"]
[BlackElo "1721"]
[PlyCount "95"]
[EventDate "2024.01.29"]
[EventType "swiss"]
[EventRounds "9"]
[EventCountry "BRA"]
[SourceTitle "CB06_2024"]
[SourceDate "2024.02.07"]
[SourceVersion "1"]
[SourceVersionDate "2024.02.07"]
[SourceQuality "1"]

1. e4 c6 2. d4 d5 3. exd5 cxd5 4. Bd3 Nc6 5. c3 Qc7 6. h3 h6 7. Nf3 Nf6 8. 0-0 Be6 9. Be3 g5 10. Nbd2 Rg8 11. c4 g4 12. hxg4 Nxg4 13. Re1 Nxe3 14. Rxe3 Bh3 15. Nh4 Bg4 16. Nhf3 0-0-0 17. cxd5 Rxd5 18. Bc4 Rdg5 19. Bxf7 Bxf3 20. Qxf3 Rxg2+ 21. Qxg2 Rxg2+ 22. Kxg2 Nxd4 23. Nb3 Qc6+ 24. Kg1 Nf3+ 25. Kf1 Qb5+ 26. Kg2 Nh4+ 27. Kh2 Kb8 28. Rd1 Qb6 29. Kg1 e5 30. Red3 Be7 31. Rd7 Nf5 32. Bd5 Bh4 33. Rxb7+ Qxb7 34. Bxb7 Kxb7 35. Rd5 Bf6 36. Nd2 Kc6 37. Ra5 Kb6 38. Nc4+ Kb7 39. Nxe5 Nd4 40. Ng4 Bg7 41. Rd5 Kc6 42. Rh5 Ne2+ 43. Kf1 Nf4 44. Ra5 Kb6 45. Ra3 h5 46. Ra4 Nd3 47. Ne3 Bh6 48. Rd4 1-0

[Event "Niteroi op 3rd"]
[Site "Niteroi"]
[Date "2023.09.06"]
[Round "4"]
[White "Bonilla Viamonte, Diego Armando"]
[Black "Okamura, Milton Kasuo"]
[Result "0-1"]
[WhiteElo "1557"]
[BlackElo "1966"]
[PlyCount "94"]
[EventDate "2023.09.04"]
[EventType "swiss"]
[EventRounds "9"]
[EventCountry "BRA"]
[SourceTitle "EXT 2024"]
[Source "ChessBase"]
[SourceDate "2023.10.10"]
[SourceVersion "1"]
[SourceVersionDate "2023.10.10"]
[SourceQuality "1"]

1. e4 c5 2. Nf3 e6 3. d3 Nc6 4. g3 g6 5. Bg2 Bg7 6. c3 d5 7. Nbd2 Nge7 8. 0-0 0-0 9. Re1 d4 10. c4 e5 11. a3 a6 12. Rb1 b5 13. h4 h6 14. Nh2 Rb8 15. h5 g5 16. g4 Be6 17. Qc2 Qd6 18. Bf3 Rfc8 19. Nhf1 Qd7 20. Nh2 Na5 21. b4 Nb7 22. Be2 Bf8 23. Ndf3 f6 24. Bd2 Nc6 25. Kh1 Ncd8 26. Ng1 Nf7 27. Rec1 Nfd6 28. bxc5 Nxc5 29. f3 Na4 30. Bd1 Nb7 31. Bb4 Bxb4 32. axb4 Nc3 33. Ra1 bxc4 34. Rxa6 cxd3 35. Qb2 Nd6 36. Bb3 Bxb3 37. Qxb3+ Kg7 38. Nf1 Nc4 39. Ng3 d2 40. Rca1 Ne3 41. Ra7 Rb7 42. Rxb7 Qxb7 43. Qe6 d1Q 44. Ra6 Rf8 45. Rd6 Qf7 46. Nf5+ Nxf5 47. Qxf5 Ne2 0-1

[Event "Hebraica op 31st"]
[Site "Hebraica"]
[Date "2023.07.02"]
[Round "6"]
[White "De Paula, Luan Araujo"]
[Black "Bonilla Viamonte, Diego Armando"]
[Result "1/2-1/2"]
[WhiteElo "1863"]
[BlackElo "1494"]
[PlyCount "81"]
[EventDate "2023.06.30"]
[EventType "swiss"]
[EventRounds "6"]
[EventCountry "BRA"]
[SourceTitle "CBM 215 Extra"]
[Source "ChessBase"]
[SourceDate "2023.09.30"]
[SourceVersion "1"]
[SourceVersionDate "2023.09.30"]
[SourceQuality "1"]

1. e4 c6 2. d4 d5 3. e5 c5 4. dxc5 Nc6 5. Nf3 Bg4 6. Bf4 e6 7. Bd3 Bxc5 8. Nbd2 Nge7 9. 0-0 Ng6 10. Bxg6 hxg6 11. h3 Bf5 12. g4 Be4 13. Nxe4 dxe4 14. Ng5 Be7 15. Nxe4 Rxh3 16. Kg2 Rh4 17. Rh1 Qxd1 18. Raxd1 Rxh1 19. Rxh1 0-0-0 20. Rh7 Rg8 21. c3 g5 22. Bxg5 Bxg5 23. Nxg5 Nxe5 24. Kg3 Nd3 25. Nxf7 Nxb2 26. Ng5 Kd7 27. Ne4 Ke7 28. f4 Nc4 29. f5 exf5 30. gxf5 Nd6 31. f6+ Ke6 32. Nxd6 gxf6+ 33. Kf4 Kxd6 34. Rxb7 Rc8 35. Rxa7 Rxc3 36. Ra6+ Ke7 37. a4 Kd7 38. Rxf6 Rc4+ 39. Ke3 Rxa4 40. Rf4 Rxf4 41. Kxf4 1/2-1/2

[Event "Hebraica op 31st"]
[Site "Hebraica"]
[Date "2023.07.01"]
[Round "4"]
[White "Komatu, Felipe Karczewski"]
[Black "Bonilla Viamonte, Diego Armando"]
[Result "0-1"]
[WhiteElo "1766"]
[BlackElo "1494"]
[PlyCount "76"]
[EventDate "2023.06.30"]
[EventType "swiss"]
[EventRounds "6"]
[EventCountry "BRA"]
[SourceTitle "CBM 215 Extra"]
[Source "ChessBase"]
[SourceDate "2023.09.30"]
[SourceVersion "1"]
[SourceVersionDate "2023.09.30"]
[SourceQuality "1"]

1. c4 c6 2. Nc3 d5 3. d4 e6 4. Nf3 Nf6 5. cxd5 exd5 6. Bg5 Be7 7. Qc2 Bg4 8. e3 Nbd7 9. Be2 h6 10. Bxf6 Nxf6 11. 0-0 Bxf3 12. Bxf3 Qd7 13. Rab1 a6 14. Na4 Qc7 15. b4 Bd6 16. h3 0-0 17. Nc5 Rfe8 18. Rfc1 Re7 19. a4 b6 20. Nd3 Re6 21. Kf1 Rc8 22. g3 Bxg3 23. fxg3 Qxg3 24. Qg2 Qxg2+ 25. Kxg2 Rxe3 26. Ne5 Ne4 27. Bxe4 Rxe4 28. Rxc6 Re8 29. Nf3 Re2+ 30. Kg3 R8e3 31. Rxb6 Rc3 32. Rxa6 f5 33. b5 h5 34. b6 g5 35. Ra8+ Kg7 36. Ra7+ Kg6 37. h4 f4+ 38. Kh3 Rxf3# 0-1

[Event "Hebraica op 30th"]
[Site "Hebraica"]
[Date "2023.02.11"]
[Round "4"]
[White "Leal, Guilherme Alves De"]
[Black "Bonilla Viamonte, Diego Armando"]
[Result "0-1"]
[WhiteElo "1207"]
[BlackElo "1482"]
[PlyCount "96"]
[EventDate "2023.02.10"]
[EventType "swiss"]
[EventRounds "7"]
[EventCountry "BRA"]
[SourceTitle "CBM 212 Extra"]
[Source "ChessBase"]
[SourceDate "2023.03.31"]
[SourceVersion "1"]
[SourceVersionDate "2023.03.31"]
[SourceQuality "1"]

1. e4 c6 2. d4 d5 3. exd5 cxd5 4. Bd3 Nc6 5. c3 Nf6 6. Bf4 Bg4 7. Qb3 Qd7 8. Nd2 e6 9. Ngf3 a6 10. a4 Be7 11. 0-0 0-0 12. Rae1 Bh5 13. Qc2 Rac8 14. Qb1 Na5 15. Ne5 Qxa4 16. Qa1 Qxa1 17. Rxa1 Nc6 18. Ndf3 Rfd8 19. Rfe1 Bd6 20. Bg5 Bxf3 21. Nxf3 Be7 22. Ne5 h6 23. Bh4 g5 24. Bg3 Nxe5 25. Rxe5 Bd6 26. Re3 Bxg3 27. Rxg3 Kg7 28. Re1 Rc6 29. Rge3 Rb6 30. Rb1 Rc8 31. Re2 a5 32. Ra1 Ra8 33. Ra4 Rc6 34. Bb5 Rc7 35. Rc2 Ne4 36. Bd3 Nd6 37. g3 b6 38. b3 b5 39. Raa2 Rac8 40. Rxa5 Rxc3 41. Rxc3 Rxc3 42. Bxb5 Rxb3 43. Bd7 Rb4 44. Ra6 Nf5 45. Ra7 Nxd4 46. Be8 Kf8 47. Bxf7 Rb6 48. Ra4 Nf3+ 0-1